[Event "AUT-chT2S 9899"]
[Site "Austria"]
[Date "1999.03.21"]
[Round "11.2"]
[White "Gelbmann, Norbert"]
[Black "Zebedin, Wolfgang"]
[Result "1-0"]
[WhiteElo "2275"]
[BlackElo "2115"]
[PlyCount "77"]
[EventDate "1998.10.??"]
[EventType "team"]
[EventRounds "11"]
[EventCountry "AUT"]
[SourceTitle "EXT 2001"]
[Source "ChessBase"]
[SourceDate "2000.11.22"]
[SourceVersion "1"]
[SourceVersionDate "2000.11.22"]
[SourceQuality "1"]

1. e4 c5 2. Nf3 Nc6 3. d4 cxd4 4. Nxd4 Nf6 5. Nc3 e5 6. Ndb5 d6 7. Bg5 a6 8. Na3 b5 9. Nd5 Be7 10. Nxe7 Nxe7 11. Bd3 d5 12. exd5 Qxd5 13. f3 Bb7 14. Qe2 Nc6 15. Bxf6 gxf6 16. c3 b4 17. Nc4 bxc3 18. bxc3 Rd8 19. Rd1 Qc5 20. Qe3 Qxe3+ 21. Nxe3 0-0 22. Ke2 Ne7 23. Rb1 Bd5 24. c4 Be6 25. Rb6 a5 26. g4 Rc8 27. Rhb1 Rfd8 28. Rc1 Rd4 29. a3 Rc5 30. Rb5 Rc8 31. Rxa5 Nc6 32. Ra6 Rf4 33. Be4 Nd4+ 34. Kf2 Nxf3 35. Bxf3 e4 36. Ke2 exf3+ 37. Kf2 Rb8 38. Rc3 Rd4 39. Kxf3 1-0

[Event "AUT-chT2S 9899"]
[Site "Austria"]
[Date "1999.03.06"]
[Round "7.2"]
[White "Scheck, Rudolf"]
[Black "Gelbmann, Norbert"]
[Result "1/2-1/2"]
[WhiteElo "2175"]
[BlackElo "2275"]
[PlyCount "71"]
[EventDate "1998.10.??"]
[EventType "team"]
[EventRounds "11"]
[EventCountry "AUT"]
[SourceTitle "EXT 2001"]
[Source "ChessBase"]
[SourceDate "2000.11.22"]
[SourceVersion "1"]
[SourceVersionDate "2000.11.22"]
[SourceQuality "1"]

1. e4 c5 2. Nf3 d6 3. d4 cxd4 4. Nxd4 Nf6 5. Nc3 a6 6. f4 Qc7 7. a4 g6 8. Nf3 Nbd7 9. Bd3 Bg7 10. 0-0 0-0 11. Qe1 e6 12. Kh1 b6 13. Qh4 Bb7 14. f5 d5 15. fxe6 fxe6 16. Ng5 Rae8 17. exd5 exd5 18. Bf4 Qc6 19. Nf3 Nh5 20. Bd2 Re4 21. Qh3 Ref4 22. Ng5 Rxf1+ 23. Rxf1 Rxf1+ 24. Bxf1 Nc5 25. b4 h6 26. bxc5 hxg5 27. cxb6 d4 28. Ne2 Qxc2 29. Bxg5 d3 30. Nf4 Nxf4 31. Bxf4 d2 32. Qe6+ Kh7 33. Qh3+ Kg8 34. Qe6+ Kh8 35. Qh3+ Kg8 36. Qe6+ 1/2-1/2

[Event "AUT-chT2S 9798"]
[Site "Austria"]
[Date "1998.02.08"]
[Round "8"]
[White "Gelbmann, Norbert"]
[Black "Brod, Manfred"]
[Result "1-0"]
[WhiteElo "2250"]
[BlackElo "2270"]
[PlyCount "80"]
[EventDate "1997.??.??"]
[EventType "team"]
[EventRounds "11"]
[EventCountry "AUT"]
[SourceTitle "EXT 1999"]
[Source "ChessBase"]
[SourceDate "1998.11.16"]
[SourceVersion "1"]
[SourceVersionDate "1998.11.16"]
[SourceQuality "1"]

1. e4 c5 2. Nf3 e6 3. d4 cxd4 4. Nxd4 Nf6 5. Nc3 d6 6. Be3 Be7 7. f3 0-0 8. Qd2 a6 9. g4 Nc6 10. 0-0-0 Nxd4 11. Bxd4 b5 12. h4 b4 13. Ne2 e5 14. Be3 Rb8 15. Ng3 Qa5 16. Kb1 Be6 17. b3 Rfc8 18. h5 Ne8 19. g5 Nc7 20. g6 Nb5 21. Bxb5 axb5 22. Ne2 d5 23. Rdg1 Bc5 24. Bxc5 Rxc5 25. Qg5 fxg6 26. Qxe5 Re8 27. hxg6 h6 28. Nd4 Qb6 29. Nf5 Qc7 30. Qxc7 Rxc7 31. Nd6 Rb8 32. e5 Ra7 33. f4 Rba8 34. f5 Rxa2 35. Kc1 Bd7 36. Kd2 Bc6 37. f6 d4 38. f7+ Kf8 39. Rxh6 d3 40. Kxd3 Ke7 1-0

[Event "Vienna op 13th"]
[Site "Vienna"]
[Date "1998.??.??"]
[Round "?"]
[White "Alvir, Aco"]
[Black "Gelbmann, Norbert"]
[Result "1-0"]
[WhiteElo "2400"]
[BlackElo "2250"]
[PlyCount "95"]
[EventDate "1998.10.25"]
[EventType "swiss"]
[EventRounds "9"]
[EventCountry "AUT"]
[SourceTitle "EXT 2000"]
[Source "ChessBase"]
[SourceDate "1999.11.16"]
[SourceVersion "1"]
[SourceVersionDate "1999.11.16"]
[SourceQuality "1"]

1. e4 c5 2. Nf3 d6 3. d4 cxd4 4. Qxd4 Nc6 5. Bb5 Bd7 6. Bxc6 Bxc6 7. Nc3 Nf6 8. Bg5 e6 9. 0-0-0 Be7 10. Rhe1 0-0 11. Kb1 Qc7 12. Bxf6 Bxf6 13. Qxd6 Qa5 14. Qd2 Bxc3 15. Qxc3 Qxc3 16. bxc3 Rfc8 17. Rd4 Kf8 18. Re3 Rc7 19. Rc4 Rac8 20. Kb2 f6 21. Nd4 Bd7 22. Rxc7 Rxc7 23. e5 f5 24. Kb3 b5 25. Rd3 Ke7 26. Kb2 a5 27. Nb3 a4 28. Nd4 Rc4 29. a3 h6 30. h4 g6 31. f4 h5 32. Kc1 Rc5 33. Kd2 Bc8 34. Re3 Bb7 35. Rg3 Kf7 36. c4 bxc4 37. Kc3 Bd5 38. Kb4 Rc8 39. Nb5 Rb8 40. Kc5 Rc8+ 41. Kd4 Rb8 42. Nd6+ Kg7 43. Nxf5+ Kh7 44. Ne7 Rb2 45. Rc3 Rb5 46. g3 Kg7 47. Nc8 Rb1 48. Kc5 1-0

[Event "AUT-chT2S 9798"]
[Site "Austria"]
[Date "1997.12.06"]
[Round "5"]
[White "Gelbmann, Norbert"]
[Black "Genser, Harald"]
[Result "1/2-1/2"]
[WhiteElo "2250"]
[BlackElo "2145"]
[PlyCount "81"]
[EventDate "1997.??.??"]
[EventType "team"]
[EventRounds "11"]
[EventCountry "AUT"]
[SourceTitle "EXT 1999"]
[Source "ChessBase"]
[SourceDate "1998.11.16"]
[SourceVersion "1"]
[SourceVersionDate "1998.11.16"]
[SourceQuality "1"]

1. e4 c5 2. Nf3 d6 3. d4 cxd4 4. Nxd4 Nf6 5. Nc3 Nc6 6. Bc4 e6 7. Be3 a6 8. Bb3 Qc7 9. Qe2 Be7 10. f4 Na5 11. g4 Nxb3 12. axb3 Nd7 13. g5 b6 14. Rf1 Bb7 15. f5 e5 16. Nf3 b5 17. Nd5 Bxd5 18. exd5 Qb7 19. Qd3 f6 20. 0-0-0 fxg5 21. Nxg5 Bxg5 22. Bxg5 Nf6 23. Bxf6 gxf6 24. Rg1 0-0-0 25. Rg4 Rhg8 26. Rdg1 Rxg4 27. Rxg4 Qc7 28. Kb1 Kb7 29. b4 Rf8 30. c3 Qf7 31. b3 Rg8 32. h3 Rxg4 33. hxg4 Qg8 34. c4 Qxg4 35. cxb5 Qxb4 36. bxa6+ Ka7 37. Qc2 Kxa6 38. Qc6+ Qb6 39. Qa8+ Qa7 40. Qc6+ Qb6 41. Qa8+ 1/2-1/2

[Event "EU-ch U20"]
[Site "Siofok"]
[Date "1996.??.??"]
[Round "6"]
[White "Antoniewski, Rafal"]
[Black "Gelbmann, Norbert"]
[Result "1-0"]
[WhiteElo "2350"]
[BlackElo "2300"]
[PlyCount "73"]
[EventDate "1996.08.??"]
[EventType "swiss"]
[EventRounds "11"]
[EventCountry "HUN"]
[SourceTitle "Juniors"]
[Source "ChessBase"]
[SourceDate "1999.07.01"]
[SourceVersion "1"]
[SourceVersionDate "1999.07.01"]
[SourceQuality "1"]

1. e4 c5 2. Nf3 d6 3. d4 cxd4 4. Nxd4 Nf6 5. Nc3 a6 6. Be2 e5 7. Nb3 Be7 8. 0-0 Be6 9. a4 Nbd7 10. Be3 0-0 11. Qd2 Qc7 12. a5 Rac8 13. Rfc1 Qc6 14. Bf3 Bc4 15. Ra4 Bb5 16. Rb4 Nc5 17. Nxb5 axb5 18. Qe2 Ncxe4 19. c4 d5 20. cxd5 Qxd5 21. Rxb5 Qd7 22. Rxe5 Bd6 23. Rxe4 Rxc1+ 24. Nxc1 Nxe4 25. Bxe4 Qa4 26. Qc2 Qxa5 27. g3 f5 28. Bxb7 Kh8 29. Ne2 Qb4 30. Bd5 Be5 31. b3 Qd6 32. Qc5 Qf6 33. Bg5 Bd6 34. Bxf6 Bxc5 35. Bc3 Rd8 36. Bc4 Rb8 37. Nd4 1-0

[Event "EU-ch U20"]
[Site "Siofok"]
[Date "1996.??.??"]
[Round "2"]
[White "Belozerov, Andrei"]
[Black "Gelbmann, Norbert"]
[Result "1-0"]
[WhiteElo "2455"]
[BlackElo "2300"]
[PlyCount "51"]
[EventDate "1996.08.??"]
[EventType "swiss"]
[EventRounds "11"]
[EventCountry "HUN"]
[SourceTitle "Juniors"]
[Source "ChessBase"]
[SourceDate "1999.07.01"]
[SourceVersion "1"]
[SourceVersionDate "1999.07.01"]
[SourceQuality "1"]

1. e4 c5 2. Nf3 d6 3. d4 cxd4 4. Qxd4 Nc6 5. Bb5 Bd7 6. Bxc6 Bxc6 7. Nc3 Nf6 8. Bg5 e6 9. 0-0-0 Be7 10. Rhe1 0-0 11. Kb1 Qa5 12. Qd2 Qb6 13. Nd4 Rfe8 14. f3 a6 15. h4 h6 16. Be3 Qc7 17. g4 Nd7 18. g5 Ne5 19. gxh6 g6 20. h5 gxh5 21. Qg2+ Ng6 22. Nxe6 Qa5 23. f4 Kh7 24. f5 Rg8 25. fxg6+ Rxg6 26. Qf3 1-0

[Event "EU-ch U20"]
[Site "Siofok"]
[Date "1996.??.??"]
[Round "4"]
[White "Petrov, Jole"]
[Black "Gelbmann, Norbert"]
[Result "1/2-1/2"]
[WhiteElo "2365"]
[BlackElo "2300"]
[PlyCount "127"]
[EventDate "1996.08.??"]
[EventType "swiss"]
[EventRounds "11"]
[EventCountry "HUN"]
[SourceTitle "Juniors"]
[Source "ChessBase"]
[SourceDate "1999.07.01"]
[SourceVersion "1"]
[SourceVersionDate "1999.07.01"]
[SourceQuality "1"]

1. d4 Nf6 2. Nf3 g6 3. c4 Bg7 4. g3 0-0 5. Bg2 d6 6. 0-0 Nc6 7. Nc3 a6 8. d5 Na5 9. b3 c5 10. dxc6 Nxc6 11. Bb2 Ne4 12. Qc1 Nc5 13. Nd5 e5 14. Rd1 Bg4 15. Qd2 Rb8 16. Rac1 Kh8 17. Ne3 Bxf3 18. Bxf3 Nd4 19. Bg2 Nce6 20. Nd5 f5 21. e3 Nc6 22. Nc3 e4 23. Qxd6 Qxd6 24. Rxd6 Nc5 25. Ba3 Nd3 26. Rxd3 exd3 27. Bxf8 Bxf8 28. Bxc6 bxc6 29. Rd1 Rd8 30. Na4 Ba3 31. Kg2 Kg7 32. Kf3 g5 33. e4 g4+ 34. Ke3 fxe4 35. Kxe4 Rf8 36. Rxd3 Rxf2 37. Rd7+ Kg6 38. Rc7 Re2+ 39. Kd4 Re6 40. Nc3 Bd6 41. Rxc6 Be5+ 42. Kd5 Rxc6 43. Kxe5 Kf7 44. Nd5 Re6+ 45. Kd4 Re2 46. c5 Rc2 47. Nb4 Rxh2 48. c6 Ke6 49. Nxa6 Rxa2 50. Nb4 Ra5 51. Nd3 Kd6 52. b4 Rg5 53. Ke4 h5 54. Nf4 Kxc6 55. Ne6 Rg8 56. Nf4 Rf8 57. Nxh5 Rf3 58. Nf4 Kb5 59. Nd3 Rxg3 60. Ne5 Rg1 61. Kf4 g3 62. Nf3 Rg2 63. Kg4 Kxb4 64. Kh3 1/2-1/2

[Event "Werfen op-A"]
[Site "Werfen"]
[Date "1995.??.??"]
[Round "4"]
[White "Gelbmann, Norbert"]
[Black "Jovanovic, Sascha"]
[Result "1-0"]
[WhiteElo "2145"]
[BlackElo "2320"]
[PlyCount "65"]
[EventDate "1995.09.??"]
[EventType "swiss"]
[EventRounds "9"]
[EventCountry "AUT"]
[SourceTitle "EXT 1997"]
[Source "ChessBase"]
[SourceDate "1996.11.15"]
[SourceVersion "1"]
[SourceVersionDate "1996.11.15"]
[SourceQuality "1"]

1. e4 c5 2. Nf3 d6 3. d4 cxd4 4. Nxd4 Nf6 5. Nc3 Nc6 6. Bc4 Qb6 7. Nb3 e6 8. Be3 Qc7 9. 0-0 a6 10. f4 b5 11. Bd3 Be7 12. Qf3 Bb7 13. Kh1 0-0 14. Qh3 e5 15. Nd5 Qc8 16. Nxf6+ Bxf6 17. f5 Qd8 18. Qg4 Re8 19. Rf3 Kf8 20. c4 Nb4 21. Nc5 Nxd3 22. Nxd3 bxc4 23. Nb4 a5 24. Nd5 Bxd5 25. exd5 e4 26. Rh3 h6 27. Rxh6 gxh6 28. Bxh6+ Ke7 29. Qxe4+ Be5 30. f6+ Kd7 31. Qg4+ Kc7 32. Qxc4+ Kb7 33. Qc6+ 1-0

[Event "Werfen op-A"]
[Site "Werfen"]
[Date "1995.??.??"]
[Round "2"]
[White "Piven, Igor"]
[Black "Gelbmann, Norbert"]
[Result "1/2-1/2"]
[WhiteElo "2365"]
[BlackElo "2145"]
[PlyCount "105"]
[EventDate "1995.09.??"]
[EventType "swiss"]
[EventRounds "9"]
[EventCountry "AUT"]
[SourceTitle "EXT 1997"]
[Source "ChessBase"]
[SourceDate "1996.11.15"]
[SourceVersion "1"]
[SourceVersionDate "1996.11.15"]
[SourceQuality "1"]

1. d4 Nf6 2. c4 g6 3. Nf3 Bg7 4. g3 0-0 5. Bg2 d6 6. Nc3 Nc6 7. 0-0 e5 8. d5 Ne7 9. c5 Ne8 10. cxd6 Nxd6 11. e4 c6 12. Qb3 cxd5 13. exd5 Nef5 14. Re1 Re8 15. Ne4 Qb6 16. Nxd6 Nxd6 17. Be3 Qxb3 18. axb3 Bf5 19. Rxa7 e4 20. Rxa8 Rxa8 21. Nd4 Ra5 22. Nxf5 gxf5 23. Rd1 Be5 24. f4 Bxb2 25. b4 Ra8 26. Bc5 Rd8 27. Bh3 Bc3 28. Kf2 e3+ 29. Kxe3 Nc4+ 30. Kf2 Nb2 31. Rb1 Rxd5 32. Bg2 Rd2+ 33. Kg1 b5 34. Bc6 Nc4 35. Re1 Bd4+ 36. Bxd4 Rxd4 37. Bxb5 Nd6 38. Bd7 Rxb4 39. Rd1 Rb6 40. Rd5 Kg7 41. Bxf5 Nxf5 42. Rxf5 Rb2 43. Re5 Kg6 44. Re1 Kf5 45. h3 h5 46. Rf1 Ke4 47. Rf2 Rxf2 48. Kxf2 h4 49. Kg2 f6 50. Kf2 f5 51. Kg2 Ke3 52. g4 Kxf4 53. gxf5 1/2-1/2